State Capitals: Dist. to Lower 48 Center Quiz Stats

 Plays Quiz not verified by Sporcle

Support Sporcle.
Go Orange.
Score 0/48 Timer 10:00
0 Plays Today
Distance (Miles) Capital % Correct
121Lincoln
96.6%
163Topeka
94.8%
287Des Moines
90.3%
307Oklahoma City
88.8%
326Pierre
87%
340Denver
83%
353Jefferson City
82.3%
340Cheyenne
79.8%
473Springfield
77.7%
450St. Paul
77.5%
492Little Rock
76.3%
662Austin
72.1%
494Bismarck
71.6%
493Santa Fe
70.5%
525Madison
70.5%
658Indianapolis
69.2%
689Nashville
65.9%
1500Augusta
65.2%
703Salt Lake City
63.3%
699Jackson
62.6%
743Frankfort
62.6%
754Lansing
62.5%
824Columbus
61.7%
821Helena
61.5%
Distance (Miles) Capital % Correct
771Baton Rouge
59.8%
1436Boston
58.6%
866Phoenix
57.5%
888Atlanta
57.2%
1362Montpelier
57.2%
1411Concord
56.7%
943Boise
56.4%
1299Albany
56.4%
856Montgomery
56.2%
1226Sacramento
56.1%
1420Providence
55.7%
1355Hartford
55.4%
1310Olympia
55.1%
1033Tallahassee
54.9%
1291Salem
54.6%
1226Dover
54.3%
1127Carson City
53.5%
1144Harrisburg
53.4%
913Charleston
53.2%
1257Trenton
53.1%
1121Raleigh
52.7%
1146Richmond
52.5%
1177Annapolis
52.1%
1047Columbia
51.6%

You're not logged in!

Compare scores with friends on all Sporcle quizzes.
OR
Log In

From the Vault

No Hint Sorting Gallery: Science

by armadilloking

You may want to take some time to read through all the buttons before you feel brave enough to click anything.
Remove Ads.
Support Sporcle.
Get the best of Sporcle when you Go Orange. This ad-free experience offers more features, more stats, and more fun while also helping to support Sporcle. Thank you for becoming a member.

Show Comments

Extras

Top Quizzes Today


Score Distribution

Your Account Isn't Verified!

In order to create a playlist on Sporcle, you need to verify the email address you used during registration. Go to your Sporcle Settings to finish the process.

Report this User

Report this user for behavior that violates our Community Guidelines.

Details: